000
00206nam a22001097a 4500
040
_c
0
082
_a
891.4391
100
_a
Iqbal
_9
17522
245
_a
Baley Jibreel
300
_a
224P.
942
_2
ddc
_c
BK
999
_c
614637
_d
614637